Nový zákon o poisťovníctve

Zákon č. 39/2015 Z.z. Cieľ nového zákona o poisťovníctve. Trojpilierový systém. Jednotlivé ustanovenia nového zákona o poisťovníctve.

Gespeichert in:
Bibliographische Detailangaben
1. Verfasser: Matulková, Mariana
Format: Buchkapitel
Sprache:Slowakisch
Schlagworte:
Tags: Tag hinzufügen
Keine Tags, Fügen Sie das erste Tag hinzu!

MARC

LEADER 00000naa a2200000 4500
001 0200733
005 20231120104421.8
041 0 |a slo 
044 |a SK 
245 1 0 |a Nový zákon o poisťovníctve  |c Mariana Matulková 
520 |a Zákon č. 39/2015 Z.z. Cieľ nového zákona o poisťovníctve. Trojpilierový systém. Jednotlivé ustanovenia nového zákona o poisťovníctve. 
610 2 0 |a poisťovníctvo 
610 2 0 |a zákony 
610 2 0 |a novelizácia 
610 2 0 |a Slovensko 
100 1 |a Matulková, Mariana